The study interaction between man and mangrove forest in preah sihanouk "ream" national park, ការសិក្សាពីទំនាក់ទំនងមនុស្ស និងព្រៃកោងកាងនៅឧទ្យានជាតិព្រះសីហនុ "រាម" (Record no. 3226)

000 -LEADER
fixed length control field 00653nam a22001577a 4500
003 - CONTROL NUMBER IDENTIFIER
control field OSt
005 - DATE AND TIME OF LATEST TRANSACTION
control field 20151106150334.0
008 - FIXED-LENGTH DATA ELEMENTS--GENERAL INFORMATION
fixed length control field 151106b xxu||||| |||| 00| 0 eng d
040 ## - CATALOGING SOURCE
Transcribing agency RUA
082 ## - DEWEY DECIMAL CLASSIFICATION NUMBER
Classification number FOR SEA 2000 B126 Or.1
100 ## - MAIN ENTRY--PERSONAL NAME
9 (RLIN) 3456
Personal name SEAM, SOTHAVUTH.
245 ## - TITLE STATEMENT
Title The study interaction between man and mangrove forest in preah sihanouk "ream" national park, ការសិក្សាពីទំនាក់ទំនងមនុស្ស និងព្រៃកោងកាងនៅឧទ្យានជាតិព្រះសីហនុ "រាម"
260 ## - PUBLICATION, DISTRIBUTION, ETC. (IMPRINT)
Place of publication, distribution, etc. Phnom Penh
Name of publisher, distributor, etc. RUA
Date of publication, distribution, etc. 2000
300 ## - PHYSICAL DESCRIPTION
Extent 45p.
Other physical details ill.
Dimensions 29cm.
942 ## - ADDED ENTRY ELEMENTS (KOHA)
Source of classification or shelving scheme
Koha item type FOR
Holdings
Price effective from Date last seen Permanent Location Not for loan Date acquired Source of classification or shelving scheme Koha item type Lost status Withdrawn status Date last checked out Total Checkouts Shelving location Damaged status Barcode Current Location Full call number
2015-11-062015-11-06Library Block B 2015-11-06 FOR    B126 RUA002335Library Block BFOR SEA 2000 B126 Or.1
2015-11-062016-10-24Library Block B 2015-11-06 FOR  2016-10-041B126 RUA002407Library Block BFOR SEA 2000 B126 Or.2
2015-11-062015-11-06Library Block B 2015-11-06 FOR    B126 RUA002263Library Block BFOR SEA 2000 B126 Or.3
មជ្ឈមណ្ឌលឯការនៃសាកលវិទ្យាល័យភូមិន្ទកសិកម្មចំការដូង

Powered by Koha